Liput, joissa on valkoista - Äkkikuolema - Statistics

Yleistilastot
  • Tätä visaa on pelattu 1 591 kertaa
  • Keskiarvotulos 12 / 20
Answers on the Grid
Answers color-coded by a green-red scale on the quiz's grid according to % correct below.
Alankomaat
Albania
Argentiina
Armenia
Australia
Bahama
Bangladesh
Chile
Gabon
Honduras
Iran
Jamaika
Japani
Kirgisia
Kolumbia
Kroatia
Lesotho
Liechtenstein
Malawi
Malta
Marokko
Mauritius
Meksiko
Moldova
Nigeria
Pohjois-Makedonia
Puola
Ranska
Ruanda
Ruotsi
Saksa
San Marino
Senegal
Somalia
Sveitsi
Ukraina
Venäjä
Vietnam
Viro
Yhdysvallat
 
Vastaustilastot
Vastaus % Oikein
Alankomaat
82%
Japani
79%
Argentiina
76%
Australia
76%
Venäjä
72%
Viro
70%
Yhdysvallat
69%
Puola
66%
Ranska
66%
Kroatia
63%
Sveitsi
63%
Malta
60%
Chile
58%
San Marino
53%
Meksiko
50%
Iran
49%
Nigeria
44%
Somalia
44%
Honduras
39%
Lesotho
25%
Ehtoja vastaavia visoja ei löytynyt
Tulosjakauma
Jokaisen tuloksen saaneiden osuus
Persentiili vastausten määrän mukaan
Tuloshistoriasi
Et ole pelannut tätä visaa